Catalog

Record Details

Catalog Search



The walking dead compendium one / Robert Kirkman, ... Read More

Kirkman, Robert,(creator,, author,, artist.).
Adlard, Charles, 1966-(creator,, author,, artist,, cover designer.). ... Read More

Available copies

  • 0 of 1 copy available at LARL/NWRL Consortium.

Current holds

1 current hold with 1 total copy.

Show All Copies
Location Call Number / Copy Notes Barcode Shelving Location Status Due Date

Record details

  • ISBN: 9781607060765
  • ISBN: 1607060760
  • ISBN: 9781448749997
  • ISBN: 1448749999
  • Physical Description: 1 volume (unpaged) : chiefly illustrations ; 26 cm
  • Publisher: Berkeley, California : Image Comics, Inc., [2013]

Content descriptions

General Note:
"Originally published in single magazine format as The walking dead #1-48 and Image Holiday Special ... Read More
"The ultimate edition of The New York Times bestseller!"--Cover.
Formatted Contents Note:
Days gone bye -- Miles behind us -- Safety behind ... Read More
Summary, etc.:
"An epidemic of apocalyptic proportions has swept ... Read More
Subject: Zombies > Comic books, strips, etc.
Survivalism > Comic books, strips, etc.
Survivalism.
Zombies.
Genre: Horror comic books, strips, etc.
Comics (Graphic works)
Graphic novels.
Horror comics.
Graphic novels.
LDR 03736cam a2200673 i 4500
001483185
003LARL_NWRL_CONSORTIUM
00520260320162431.0
008130316t20132013caua 6 000 1 eng d
040 . ‡aHFU ‡beng ‡erda ‡cHFU ‡dORU ‡dP4I ‡dOCLCA ‡dIAT ‡dKSU ‡dOCLCF ‡dOCLCO ‡dSFR ‡dOCLCQ ‡dH4N ‡dIEW ‡dMQS ‡dOCLCQ ‡dOCLCO ‡dOCL ‡dOCLCO ‡dOCLCL ‡dOCLCQ ‡dOCLCL ‡dOCLCA
019 . ‡a1103483118
020 . ‡a9781607060765 ‡q(pbk.)
020 . ‡a1607060760 ‡q(pbk.)
020 . ‡a9781448749997
020 . ‡a1448749999
035 . ‡a(OCoLC)830134963 ‡z(OCoLC)1103483118
043 . ‡an-us---
08204. ‡a741.5973 ‡222
1001 . ‡aKirkman, Robert, ‡ecreator, ‡eauthor, ‡eartist. ‡0(LARL_NWRL_CONSORTIUM)202318
24514. ‡aThe walking dead compendium one / ‡cRobert Kirkman, creator, writer, letterer (chapters 1-3) ; Tony Moore, penciler, inker, gray tones (chapter 1) ; Charlie Adlard, penciler, inker (chapters 2-8) ; Cliff Rathburn, gray tones (chapters 2-8) ; Rus Wooton, letterer (chapter 4-8) ; Sina Grace, editor ; Charlie Adlard & Cliff Rathburn, cover.
24618. ‡aWalking dead compendium 1
2461 . ‡iAt head of title: ‡aImage Comics presents
24630. ‡aImage Comics presents The walking dead compendium one
264 1. ‡aBerkeley, California : ‡bImage Comics, Inc., ‡c[2013]
264 4. ‡c©2013
300 . ‡a1 volume (unpaged) : ‡bchiefly illustrations ; ‡c26 cm
336 . ‡astill image ‡bsti ‡2rdacontent
336 . ‡atext ‡btxt ‡2rdacontent
337 . ‡aunmediated ‡bn ‡2rdamedia
338 . ‡avolume ‡bnc ‡2rdacarrier
4900 . ‡aWalking dead compendium ; ‡v1
500 . ‡a"Originally published in single magazine format as The walking dead #1-48 and Image Holiday Special 2005."
500 . ‡a"The ultimate edition of The New York Times bestseller!"--Cover.
520 . ‡a"An epidemic of apocalyptic proportions has swept the globe causing the dead to rise and feed on the living. In a matter of months society has crumbled-- no government, no grocery stores, no mail delivery, no cable TV. In a world ruled by the dead, we are forced to finally start living"--Page 4 of cover.
50500. ‡tDays gone bye -- ‡tMiles behind us -- ‡tSafety behind bars -- ‡tThe heart's desire -- ‡tThe best defense -- ‡tThis sorrowful life -- ‡tThe calm before -- ‡tMade to suffer.
650 0. ‡aZombies ‡vComic books, strips, etc.
650 0. ‡aSurvivalism ‡vComic books, strips, etc.
650 7. ‡aSurvivalism. ‡2fast ‡0(LARL_NWRL_CONSORTIUM)32220
650 7. ‡aZombies. ‡2fast ‡0(LARL_NWRL_CONSORTIUM)42055
655 0. ‡aHorror comic books, strips, etc.
655 7. ‡aComics (Graphic works) ‡2fast
655 7. ‡aGraphic novels. ‡2fast
655 7. ‡aHorror comics. ‡2fast
655 7. ‡aGraphic novels. ‡2lcgft
7001 . ‡aAdlard, Charles, ‡d1966- ‡ecreator, ‡eauthor, ‡eartist, ‡ecover designer.
7001 . ‡aMoore, Tony, ‡d1978- ‡eartist.
7001 . ‡aRathburn, Cliff, ‡eartist, ‡ecover designer.
7001 . ‡aWooton, Rus, ‡eartist. ‡0(LARL_NWRL_CONSORTIUM)200372
7001 . ‡aGrace, Sina, ‡eeditor.
901 . ‡a483185 ‡bAUTOGEN ‡c483185 ‡tbiblio

Additional Resources